Statistics for Orthodox Christianity in Europe

Click here to take the quiz!

General Stats

  • This quiz has been taken 692 times
    (691 since last reset)
  • The average score is 10 of 11

Answer Stats

HintAnswer% Correct
8Russia
98%
4Greece
95%
11Ukraine
93%
9Romania
92%
10Serbia
91%
1Belarus
89%
2Bulgaria
89%
6Moldova
83%
5Macedonia
81%
7Montenegro
81%
3Cyprus
71%

Score Distribution

Percentile by Number Answered

Percent of People with Each Score

Your Score History

You have not taken this quiz since the last reset